FIFA 21 Best Football Teams - Statistics

General Stats
  • This quiz has been taken 1,601 times
  • The average score is 19 of 27
Answer Stats
Rank Team OVA ATT MID DEF % Correct
5 FC Barcelona 84 84 85 83
98%
2 Manchester City 85 86 86 83
98%
3 Real Madrid 85 84 86 85
98%
1 Liverpool 85 89 84 86
96%
10 Manchester United 82 84 82 82
96%
4 Bayern Munich 84 91 85 82
95%
7 Paris Saint-Germain 83 86 82 79
93%
9 Chelsea 82 85 82 81
92%
14 Arsenal 81 84 81 77
89%
6 Juventus 83 87 80 84
89%
11 Tottenham Hotspur 82 85 82 81
89%
8 Atletico Madrid 83 84 82 82
88%
12 Borussia Dortmund 82 85 81 81
88%
13 Inter Milan 82 84 82 81
87%
15 SSC Napoli 81 81 82 80
68%
18 Sevilla FC 80 80 80 81
65%
17 SS Lazio 80 82 81 78
53%
22 Leicester City 79 81 79 79
51%
25 SL Benfica 79 74 80 80
50%
16 RB Leipzig 80 77 80 80
49%
20 Bayer 04 Leverkusen 79 78 78 79
48%
17 Villarreal 80 82 79 79
46%
18 Everton 79 80 78 79
45%
21 Atalanta BC 79 83 79 77
36%
24 Real Sociedad 79 81 81 76
28%
23 Athletic Bilbao 79 78 79 80
27%
19 Borussia Mönchengladbach 79 78 79 79
22%
No matching quizzes found
Score Distribution
Percent of People with Each Score
Percentile by Number Answered
Your Score History
You have not taken this quiz